Využitie bioplastov v obalovej technike
Všeobecná charakteristika biodegradovateľných obalových materiálov. Výhody a nevýhody bioplastov voči konvenčným plastom. Technologický vývoj bioplastov. Funkčnosť a ochrana životného prostredia. Príklady použitia najfrekventovanejších bioplastov na báze škrobu, celulózy a kyseliny mliečnej. Bioplas...
Salvato in:
| Autore principale: | |
|---|---|
| Natura: | Capitolo di libro |
| Lingua: | slovacco |
| Soggetti: | |
| Tags: |
Nessun Tag, puoi essere il primo ad aggiungerne!!
|
MARC
| LEADER | 00000naa$a2200000$$$4500 | ||
|---|---|---|---|
| 001 | 0120312 | ||
| 005 | 20240502072340.9 | ||
| 041 | 0 | |a slo | |
| 044 | |a SK | ||
| 245 | 1 | 0 | |a Využitie bioplastov v obalovej technike |c Igor Kačeňák |
| 520 | |a Všeobecná charakteristika biodegradovateľných obalových materiálov. Výhody a nevýhody bioplastov voči konvenčným plastom. Technologický vývoj bioplastov. Funkčnosť a ochrana životného prostredia. Príklady použitia najfrekventovanejších bioplastov na báze škrobu, celulózy a kyseliny mliečnej. Bioplasty a odpady. | ||
| 610 | 2 | 0 | |a obaly |
| 610 | 2 | 0 | |a technika obalová |
| 610 | 2 | 0 | |a bioprodukty |
| 610 | 2 | 0 | |a odpad |
| 610 | 2 | 0 | |a chémia |
| 610 | 2 | 0 | |a ekológia |
| 100 | 1 | |a Kačeňák, Igor | |